000 00404nam a22001697a 4500
003 SGT
020 _a9789388022583
082 _a617.7
_bO25S
100 _aSHARMA, RL.
245 _aTB. OF OPHTHALMIC PHARMACOLOGY THERAPIES
250 _a1ST
260 _aINDIA
_bINNOVATIVE PUB
_c2025
300 _a293
650 _aOPHTHALMOLOGY
653 _aOPHTHALMIC PHARMACOLOGY THERAPIES
942 _2ddc
_cBK
999 _c33805
_d33805